Films d'animation - Années 90 - Statistiques

Statistiques générales
  • Ce quiz a été pris 120 fois
  • Le résultat moyen est 7 sur 20
Statistiques - réponses
Résumé Film % Correct
Dans une cathédrale emblématique, un être marginal se lie d'amitié avec une belle jeune femme. Leur destin croise celui d'un homme puissant, entraînant passion, jalousie et tragédie au cœur de Paris. Le Bossu de Notre-Dame
91%
Une jeune femme se retrouve captive dans un château enchanté, où elle découvre un être mystérieux. Au fil du temps, leur relation évolue, révélant la beauté cachée derrière les apparences. La Belle et la Bête
88%
Un jeune homme des rues découvre une lampe magique contenant un génie. Avec son aide, il tente de conquérir le cœur d'une princesse tout en affrontant un sorcier malveillant. Aladdin
80%
Une jeune femme se déguise en homme pour prendre la place de son père malade dans l'armée. Elle fait preuve de courage et de détermination pour sauver son pays et prouver sa valeur. Mulan
77%
Un groupe de fourmis se lance dans une aventure pour sauver leur colonie menacée. En chemin, elles rencontrent divers obstacles et forment des alliances inattendues, découvrant l'importance de l'unité. 1001 pattes
62%
Un demi-dieu, rejeté par son entourage, cherche à prouver sa valeur en accomplissant des exploits héroïques. Au fil de ses aventures, il découvre l'amour, l'amitié et sa véritable identité. Hercule
62%
Un petit garçon, né dans un village africain, décide de sauver sa communauté d'une sorcière maléfique. Avec courage et ingéniosité, il affronte des épreuves et découvre la force de l'amour et de la sagesse. Kirikou et la sorcière
56%
Un habitant d'un monde festif découvre la magie de Noël et décide de l'adopter. Cependant, ses tentatives pour réinventer cette fête entraînent des conséquences inattendues et chaotiques. L'étrange Noël de Monsieur Jack
33%
Un groupe de bébés explore le monde qui les entoure, vivant des aventures imaginatives et hilarantes. Ils affrontent des défis quotidiens tout en développant des amitiés et en découvrant la vie. Les Razmoket
30%
Une jeune femme perdue dans le temps cherche à découvrir ses origines et son passé royal. Elle fait face à des obstacles tout en rencontrant des alliés qui l’aident dans sa quête. Anastasia
26%
Un mystérieux robot géant apparaît dans une petite ville, suscitant la peur des habitants. Un jeune garçon se lie d'amitié avec lui, cherchant à protéger son nouvel ami des menaces extérieures Le géant de fer
26%
Deux courageux membres d'une organisation de secours se lancent dans une mission pour sauver une jeune fille enlevée. Ils affrontent divers dangers et comptent sur leur ingéniosité pour triompher. Bernard et Bianca
22%
Des guerriers aux pouvoirs extraordinaires protègent la Terre contre des ennemis redoutables. À travers des combats épiques et des transformations puissantes, ils luttent pour la paix tout en découvrant des forces insoupçonnées. Dragon Ball Z
16%
Un jeune chien rêve de devenir un grand artiste, tandis que son père, un peu maladroit, souhaite le soutenir. Ensemble, ils vivent des aventures hilarantes et apprennent à se comprendre et à s'accepter. Dingo et Max
14%
Un jeune guerrier se retrouve au cœur d'un conflit entre les forces de la nature et l'industrialisation. Il cherche à rétablir l'équilibre tout en découvrant des vérités sur la coexistence. Princesse Mononoké
14%
Une petite fille, née d'une fleur, se lance dans une aventure magique pour retrouver sa place dans le monde. Elle rencontre des créatures fascinantes et découvre la force de l'amour et de l'amitié. Poucelina
11%
Une ancienne idole pop se lance dans une carrière d'actrice, mais elle est rapidement confrontée à la pression de la célébrité. Sa réalité se brouille avec des hallucinations, menant à une spirale de paranoïa. Perfect blue
7%
Quatre dinosaures découvrent un cirque magique où des spectacles extraordinaires les émerveillent. En explorant cet univers fascinant, ils vivent des aventures palpitantes et apprennent la valeur de l'amitié et du travail d'équipe. Les 4 dinosaures et le cirque magique
6%
Une jeune fille découvre un monde magique en suivant un mystérieux chat. Elle explore des thèmes d'amour et de destin tout en apprenant à écouter son cœur et à poursuivre ses rêves. Si tu tends l'oreille
4%
Un habile voleur s'associe à un cordonnier talentueux pour réaliser un plan audacieux. Ensemble, ils affrontent des défis et découvrent l'importance de l'amitié et de la loyauté dans leur quête. Le voleur et le cordonnier
3%
Aucun quiz correspondant
Distribution des résultats
% des personnes avec chaque résultat
Percentile par nombre de réponses
Votre historique - résultats
Vous n’avez pas pris ce quiz